000 01418nam a2200349 a 4500
001 ebr10604066
003 CaPaEBR
006 m u
007 cr cn|||||||||
008 090716s2009 sz a sb 001 0 eng d
010 _z 2009288117
020 _z0878493425 (pbk.)
020 _z9780878493425 (pbk.)
020 _z9780878493425
020 _z9783038132714 (e-book)
040 _aCaPaEBR
_cCaPaEBR
035 _a(OCoLC)401702457
050 1 4 _aTA455.A3
_bP76 2009eb
245 0 0 _aProgress in abrasive and grinding technology
_h[electronic resource] :
_bspecial topic volume with invited papers only /
_cedited by Xipeng Xu.
246 3 0 _aAbrasive and grinding technology
260 _aStafa-Zurich, Switzerland ;
_aEnfield, N.H. :
_bTrans Tech Publications,
_cc2009.
300 _aviii, 196 p. :
_bill.
440 0 _aKey engineering materials,
_x1013-9826 ;
_vv. 404
504 _aIncludes bibliographical references and indexes.
533 _aElectronic reproduction.
_bPalo Alto, Calif. :
_cebrary,
_d2011.
_nAvailable via World Wide Web.
_nAccess may be limited to ebrary affiliated libraries.
650 0 _aAbrasives.
650 0 _aGrinding and polishing.
655 7 _aElectronic books.
_2local
700 1 _aXu, Xipeng.
710 2 _aebrary, Inc.
856 4 0 _uhttp://site.ebrary.com/lib/rucke/Doc?id=10604066
_zAn electronic book accessible through the World Wide Web; click to view
999 _c195812
_d195812